<?xml version="1.0" encoding="UTF-8"?>
<record
    xmlns:xsi="http://www.w3.org/2001/XMLSchema-instance"
    xsi:schemaLocation="http://www.loc.gov/MARC21/slim http://www.loc.gov/standards/marcxml/schema/MARC21slim.xsd"
    xmlns="http://www.loc.gov/MARC21/slim">

  <leader>00732nam a2200241Ia 4500</leader>
  <controlfield tag="001">722</controlfield>
  <controlfield tag="003">GE_BSU</controlfield>
  <controlfield tag="008">181216s||||||||xx |||||||||||||| ||und||</controlfield>
  <datafield tag="020" ind1=" " ind2=" ">
    <subfield code="a">9992865261</subfield>
  </datafield>
  <datafield tag="040" ind1=" " ind2=" ">
    <subfield code="c">GE_BSU</subfield>
  </datafield>
  <datafield tag="080" ind1=" " ind2=" ">
    <subfield code="a">811.124(075.3)</subfield>
  </datafield>
  <datafield tag="100" ind1=" " ind2=" ">
    <subfield code="a">&#x10D2;&#x10D0;&#x10D2;&#x10E3;&#x10D0;,&#x10D8;&#x10D0;&#x10DB;&#x10D6;&#x10D4;. &#x10D2;&#x10D0;&#x10DB;&#x10E7;&#x10E0;&#x10D4;&#x10DA;&#x10D8;&#x10EB;&#x10D4;, &#x10D4;&#x10D9;&#x10D0;&#x10E2;&#x10D4;&#x10E0;&#x10D8;&#x10DC;&#x10D4;</subfield>
  </datafield>
  <datafield tag="245" ind1=" " ind2=" ">
    <subfield code="a">lingua latina.</subfield>
  </datafield>
  <datafield tag="245" ind1=" " ind2=" ">
    <subfield code="b">&#x10E1;&#x10D0;&#x10EE;.&#x10D2;&#x10D8;&#x10DB;&#x10DC;&#x10D0;&#x10D6;&#x10D8;&#x10D8;&#x10E1;&#x10D0; &#x10D3;&#x10D0; &#x10DA;&#x10D8;&#x10EA;&#x10D4;&#x10E3;&#x10DB;&#x10D4;&#x10D1;&#x10D8;&#x10E1;&#x10D7;&#x10D5;&#x10D8;&#x10E1;</subfield>
  </datafield>
  <datafield tag="250" ind1=" " ind2=" ">
    <subfield code="a">&#x10DB;&#x10D4;-3 &#x10E8;&#x10D4;&#x10E1;&#x10EC;&#x10DD;&#x10E0;. &#x10D2;&#x10D0;&#x10DB;&#x10DD;&#x10EA;.</subfield>
  </datafield>
  <datafield tag="260" ind1=" " ind2=" ">
    <subfield code="a">&#x10D7;&#x10D1;&#x10D8;&#x10DA;&#x10D8;&#x10E1;&#x10D8;</subfield>
  </datafield>
  <datafield tag="260" ind1=" " ind2=" ">
    <subfield code="b">''&#x10DA;&#x10DD;&#x10D2;&#x10DD;&#x10E1;&#x10D8;''</subfield>
  </datafield>
  <datafield tag="260" ind1=" " ind2=" ">
    <subfield code="c">2002</subfield>
  </datafield>
  <datafield tag="300" ind1=" " ind2=" ">
    <subfield code="a">279 &#x10D2;&#x10D5;.</subfield>
  </datafield>
  <datafield tag="541" ind1=" " ind2=" ">
    <subfield code="h">20 &#x10DA;.</subfield>
  </datafield>
  <datafield tag="653" ind1=" " ind2=" ">
    <subfield code="a">lingua latina</subfield>
  </datafield>
  <datafield tag="942" ind1=" " ind2=" ">
    <subfield code="c">BK</subfield>
  </datafield>
  <datafield tag="999" ind1=" " ind2=" ">
    <subfield code="c">34899</subfield>
    <subfield code="d">34899</subfield>
  </datafield>
  <datafield tag="952" ind1=" " ind2=" ">
    <subfield code="0">0</subfield>
    <subfield code="1">0</subfield>
    <subfield code="4">0</subfield>
    <subfield code="7">0</subfield>
    <subfield code="9">33115</subfield>
    <subfield code="d">2018-12-17</subfield>
    <subfield code="p">2522</subfield>
    <subfield code="r">2018-12-17</subfield>
    <subfield code="w">2018-12-17</subfield>
    <subfield code="y">BK</subfield>
    <subfield code="z">&#x10D3;&#x10D0;&#x10E0;&#x10D1;&#x10D0;&#x10D6;&#x10D8;</subfield>
  </datafield>
  <datafield tag="952" ind1=" " ind2=" ">
    <subfield code="0">0</subfield>
    <subfield code="1">0</subfield>
    <subfield code="4">0</subfield>
    <subfield code="7">0</subfield>
    <subfield code="9">33116</subfield>
    <subfield code="d">2018-12-17</subfield>
    <subfield code="p">2523</subfield>
    <subfield code="r">2018-12-17</subfield>
    <subfield code="w">2018-12-17</subfield>
    <subfield code="y">BK</subfield>
    <subfield code="z">&#x10D3;&#x10D0;&#x10E0;&#x10D1;&#x10D0;&#x10D6;&#x10D8;</subfield>
  </datafield>
  <datafield tag="952" ind1=" " ind2=" ">
    <subfield code="0">0</subfield>
    <subfield code="1">0</subfield>
    <subfield code="4">0</subfield>
    <subfield code="7">0</subfield>
    <subfield code="9">33117</subfield>
    <subfield code="d">2018-12-17</subfield>
    <subfield code="p">2524</subfield>
    <subfield code="r">2018-12-17</subfield>
    <subfield code="w">2018-12-17</subfield>
    <subfield code="y">BK</subfield>
    <subfield code="z">&#x10E1;&#x10D0;&#x10EA;&#x10D0;&#x10D5;&#x10D8;</subfield>
  </datafield>
  <datafield tag="952" ind1=" " ind2=" ">
    <subfield code="0">0</subfield>
    <subfield code="1">0</subfield>
    <subfield code="4">0</subfield>
    <subfield code="7">0</subfield>
    <subfield code="9">33118</subfield>
    <subfield code="d">2018-12-17</subfield>
    <subfield code="p">2525</subfield>
    <subfield code="r">2018-12-17</subfield>
    <subfield code="w">2018-12-17</subfield>
    <subfield code="y">BK</subfield>
    <subfield code="z">&#x10E1;&#x10D0;&#x10EA;&#x10D0;&#x10D5;&#x10D8;</subfield>
  </datafield>
  <datafield tag="952" ind1=" " ind2=" ">
    <subfield code="0">0</subfield>
    <subfield code="1">0</subfield>
    <subfield code="4">0</subfield>
    <subfield code="7">0</subfield>
    <subfield code="9">33119</subfield>
    <subfield code="d">2018-12-17</subfield>
    <subfield code="p">2526</subfield>
    <subfield code="r">2018-12-17</subfield>
    <subfield code="w">2018-12-17</subfield>
    <subfield code="y">BK</subfield>
    <subfield code="z">&#x10E1;&#x10D0;&#x10EA;&#x10D0;&#x10D5;&#x10D8;</subfield>
  </datafield>
  <datafield tag="952" ind1=" " ind2=" ">
    <subfield code="0">0</subfield>
    <subfield code="1">0</subfield>
    <subfield code="4">0</subfield>
    <subfield code="7">0</subfield>
    <subfield code="9">33120</subfield>
    <subfield code="d">2018-12-17</subfield>
    <subfield code="p">2527</subfield>
    <subfield code="r">2018-12-17</subfield>
    <subfield code="w">2018-12-17</subfield>
    <subfield code="y">BK</subfield>
    <subfield code="z">&#x10E1;&#x10D0;&#x10EA;&#x10D0;&#x10D5;&#x10D8;</subfield>
  </datafield>
  <datafield tag="952" ind1=" " ind2=" ">
    <subfield code="0">0</subfield>
    <subfield code="1">0</subfield>
    <subfield code="4">0</subfield>
    <subfield code="7">0</subfield>
    <subfield code="9">33121</subfield>
    <subfield code="d">2018-12-17</subfield>
    <subfield code="p">2528</subfield>
    <subfield code="r">2018-12-17</subfield>
    <subfield code="w">2018-12-17</subfield>
    <subfield code="y">BK</subfield>
    <subfield code="z">&#x10E1;&#x10D0;&#x10EA;&#x10D0;&#x10D5;&#x10D8;</subfield>
  </datafield>
  <datafield tag="952" ind1=" " ind2=" ">
    <subfield code="0">0</subfield>
    <subfield code="1">0</subfield>
    <subfield code="4">0</subfield>
    <subfield code="7">0</subfield>
    <subfield code="9">33122</subfield>
    <subfield code="d">2018-12-17</subfield>
    <subfield code="p">2529</subfield>
    <subfield code="r">2018-12-17</subfield>
    <subfield code="w">2018-12-17</subfield>
    <subfield code="y">BK</subfield>
    <subfield code="z">&#x10E1;&#x10D0;&#x10EA;&#x10D0;&#x10D5;&#x10D8;</subfield>
  </datafield>
  <datafield tag="952" ind1=" " ind2=" ">
    <subfield code="0">0</subfield>
    <subfield code="1">0</subfield>
    <subfield code="4">0</subfield>
    <subfield code="7">0</subfield>
    <subfield code="9">33123</subfield>
    <subfield code="d">2018-12-17</subfield>
    <subfield code="p">2530</subfield>
    <subfield code="r">2018-12-17</subfield>
    <subfield code="w">2018-12-17</subfield>
    <subfield code="y">BK</subfield>
    <subfield code="z">&#x10E1;&#x10D0;&#x10EA;&#x10D0;&#x10D5;&#x10D8;</subfield>
  </datafield>
  <datafield tag="952" ind1=" " ind2=" ">
    <subfield code="0">0</subfield>
    <subfield code="1">0</subfield>
    <subfield code="4">0</subfield>
    <subfield code="7">0</subfield>
    <subfield code="9">33124</subfield>
    <subfield code="d">2018-12-17</subfield>
    <subfield code="p">2655</subfield>
    <subfield code="r">2018-12-17</subfield>
    <subfield code="w">2018-12-17</subfield>
    <subfield code="y">BK</subfield>
    <subfield code="z">&#x10E1;&#x10D0;&#x10EA;&#x10D0;&#x10D5;&#x10D8;</subfield>
  </datafield>
</record>
